臺灣口腔醫學史 (Record no. 7702)

MARC details
000 -LEADER
fixed length control field 00705cam a22002532i 4500
001 - CONTROL NUMBER
control field CIP114006766
003 - CONTROL NUMBER IDENTIFIER
control field YEEZEN
005 - DATE AND TIME OF LATEST TRANSACTION
control field 20260313104727.0
008 - FIXED-LENGTH DATA ELEMENTS--GENERAL INFORMATION
fixed length control field 250518s2025 ch e 000 0 chi d
020 ## - INTERNATIONAL STANDARD BOOK NUMBER
International Standard Book Number 9789869854771
Qualifying information (精裝) :
Terms of availability NT$3000
040 ## - CATALOGING SOURCE
Original cataloging agency CIP
Language of cataloging chi
Transcribing agency CIP
042 ## - AUTHENTICATION CODE
Authentication code nbic
084 ## - OTHER CLASSIFICATION NUMBER
Classification number 416.90933
Number source ncsclt
090 ## - LOCALLY ASSIGNED LC-TYPE CALL NUMBER (OCLC); LOCAL CALL NUMBER (RLIN)
Classification number (OCLC) (R) ; Classification number, CALL (RLIN) (NR) 416.90933
245 10 - TITLE STATEMENT
Title 臺灣口腔醫學史
Remainder of title = The history of oral medicine in Taiwan /
Statement of responsibility, etc. 陳銘助編撰
250 ## - EDITION STATEMENT
Edition statement 修訂一版
260 ## - PUBLICATION, DISTRIBUTION, ETC.
Place of publication, distribution, etc. 臺北市 :
Name of publisher, distributor, etc. 牙醫師全聯會,
Date of publication, distribution, etc. 2025.05.
300 ## - PHYSICAL DESCRIPTION
Extent 面 ;
Dimensions 公分
650 #7 - SUBJECT ADDED ENTRY--TOPICAL TERM
Source of heading or term lcstt
Topical term or geographic name entry element 口腔
650 #7 - SUBJECT ADDED ENTRY--TOPICAL TERM
Source of heading or term lcstt
Topical term or geographic name entry element 牙科
650 #7 - SUBJECT ADDED ENTRY--TOPICAL TERM
Source of heading or term lcstt
Topical term or geographic name entry element 歷史
651 #7 - SUBJECT ADDED ENTRY--GEOGRAPHIC NAME
Source of heading or term lcstt
Geographic name 臺灣
942 ## - ADDED ENTRY ELEMENTS (KOHA)
Source of classification or shelving scheme 中文圖書分類法
Koha item type 一般圖書
Holdings
撤銷狀態 遺失狀態 分類號來源 損壞狀態 不外借 永久館藏地 現在館藏地 書架位置 採購日期 全部借出 完整索書號 條碼號 最後一次日期記錄 一般價格有效日期 Koha館藏類型 公開資訊
未註銷館藏 未遺失 中文圖書分類法 未損毀 可外借 怡仁綜合醫院圖書館 怡仁綜合醫院圖書館   2026-03-13   416.90933 C03285 2026-03-13 2026-03-13 一般圖書 2025年5月由中華民國牙醫師公會全國聯合會出版的《臺灣口腔醫學史》(陳銘助、莊世昌著)是記錄台灣牙醫學發展的珍貴史料。該書涵蓋了從早期到現代的牙醫人文歷史,被視為尋根與傳承的專業著作,並曾有2024增修版在2025年初發行,且有相關內容勘誤建議。
怡仁醫院| 地址:32643桃園市楊梅區楊新北路321巷30號 | 服務專線:03-4855566 | 電子郵件信箱:
Copyright © 1996 CHC Hospital